000 00838nam a2200205Ii 4500
003 JO-AjNU
008 230605s9999||||xx |||||||||||||| ||und||
040 _aJO-AjNU
_bara
_erda
_cJO-AjNU
041 _aara
050 1 4 _aBP135.A2.M2 1900
100 3 _aتأليف: بن أنس، مالك ؛ صححه ورقمه وخرج احاديثه وعلق عليه: محمد فؤاد عبد الباقي,
_eauthor
_959074
245 0 0 _aالموطأ، ج1
250 _aطبعة جديدة مصححة
264 3 1 _aبيروت: دار الكتب العلمية، 1900
300 _aج439:1ص
_bيحتوي على فهرس موضوعات من ص427-439ص
336 _atext
_btxt
_2rdacontent
337 _aunmediated
_bn
_2rdamedia
338 _avolume
_bnc
_2rdacarrier
650 4 _aالفقه المالكي- الحديث - المسانيد
_959075
999 _aA26565
_c30133
_d30133